Memorias (Record no. 9606)

MARC details
000 -CABECERA
campo de control de longitud fija 00789nam a2200253 a 4500
001 - NÚMERO DE CONTROL
campo de control BRL_794
005 - FECHA Y HORA DE LA ÚLTIMA TRANSACCIÓN
campo de control 20190320210912.0
008 - DATOS DE LONGITUD FIJA--INFORMACIÓN GENERAL
campo de control de longitud fija 071013s1986----mx-o######---#000-0#spa-#
020 ## - NÚMERO INTERNACIONAL ESTÁNDAR DEL LIBRO
Número Internacional Estándar del Libro 9682909562
041 ## - CÓDIGO DE LENGUA
Código de lengua del texto/banda sonora o título independiente spa
044 ## - CÓDIGO DEL PAÍS DE LA ENTIDAD EDITORA/PRODUCTORA
Código MARC del país mx
050 #4 - SIGNATURA TOPOGRÁFICA DE LA BIBLIOTECA DEL CONGRESO
Número de clasificación HB123.M4
Número de documento/Ítem .C63 1986
100 1# - ENTRADA PRINCIPAL--NOMBRE DE PERSONA
Nombre de persona Cosío Villegas, Daniel
Fechas asociadas al nombre 1898-1976
9 (RLIN) 23133
245 10 - MENCIÓN DE TÍTULO
Título Memorias
Mención de responsabilidad, etc. Daniel Cosío Villegas.
260 ## - PUBLICACIÓN, DISTRIBUCIÓN, ETC.
Lugar de publicación, distribución, etc. México
Nombre del editor, distribuidor, etc. SEP : Joaquin Mortiz
Fecha de publicación, distribución, etc. 1986
300 ## - DESCRIPCIÓN FÍSICA
Extensión 320 p.
Otras características físicas il.
Dimensiones 22 cm.
440 #0 - MENCIÓN DE SERIE/PUNTO DE ACCESO ADICIONAL--TÍTULO
Título Lecturas mexicanas
Nombre de parte o sección de la obra Segunda Serie
Designación de volumen o secuencia 55
9 (RLIN) 24972
500 ## - NOTA GENERAL
Nota general Au939
500 ## - NOTA GENERAL
Nota general Ver también no. de sistema 178 (ed.Joaquín Mortiz, 1976) Fondo Ruth Lechuga
650 14 - PUNTO DE ACCESO ADICIONAL DE MATERIA--TÉRMINO DE MATERIA
Término de materia o nombre geográfico como elemento de entrada Economistas
Subdivisión de forma Biografías
Subdivisión geográfica México
9 (RLIN) 23135
650 14 - PUNTO DE ACCESO ADICIONAL DE MATERIA--TÉRMINO DE MATERIA
Término de materia o nombre geográfico como elemento de entrada Historiadores
Subdivisión de forma Biografías
Subdivisión geográfica México
9 (RLIN) 23136
902 ## - CATALOGADOR
Iniciales GRL
942 ## - ELEMENTOS DE PUNTO DE ACCESO ADICIONAL (KOHA)
Fuente del sistema de clasificación o colocación Library of Congress Classification
Tipo de ítem Koha Libros
Holdings
Estado de retiro Estado de pérdida Estado dañado No para préstamo Localización permanente Ubicación/localización actual Fecha de adquisición Número de inventario Total de préstamos Signatura topográfica completa Código de barras Fecha visto por última vez Precio válido a partir de Tipo de ítem Koha
El ejemplar forma parte de la colección y puede ser consultado según las políticas vigentes.       Biblioteca Centro de Estudios Ruth D. Lechuga Biblioteca Centro de Estudios Ruth D. Lechuga 07/10/2013 Au939   HB123.M4 .C63 1986 (Au939) GRL00863 22/03/2019 22/03/2019 Libros